• 首页
  • 本馆介绍
  • 公告通知
  • 最新文献
  • 馆藏检索
  • 电子资源
  • 读者导购
  • 参考咨询
  • 我的图书馆
  • 登录
  • 详细信息显示
  • 放入我的书架
  • 预约/预借图书
  • 作者相关作品
  • 分类相关作品
  • 丛书相关作品
  • 出版社相关作品

书目信息

  • 表格格式
  • 工作单格式
  • 卡片格式
题名:
一看就懂!图解经济结构
    
 
作者: 栗原升 著 ;聂苓苓 译
分册:  
出版信息: 北京   科学出版社  2012.06
页数: 176页
开本: 21cm
丛书名:
单 册:
中图分类: F014.6-64
科图分类:
主题词: 经济结构--图解 , 经济结构
电子资源:
ISBN: 978-7-03-034454-0
000 00945oam2 2200265 450
001 519
005 20140908143728.23
010    @a978-7-03-034454-0@dCNY36.00
100    @a20120803d2012 em y0chiy0110 ea
101 1  @achi@cjpn
102    @aCN@b110000
105    @aa z 000yy
106    @ar
200 1  @a一看就懂!图解经济结构@AYi Kan Jiu Dong! Tu Jie Jing Ji Jie Gou@f(日)栗原昇著@F( Ri ) Li Yuan昇 Zhu@g聂苓苓译
210    @a北京@c科学出版社@d2012.06
215    @a176页@d21cm
300    @a一看就懂图解系列
330    @a本书以图解的形式进行深入浅出地讲解,直观生动,一目了然。内容包括:经济的基本结构、产业与经济的关系、政治和经济的关系是什么、金融和经济的关系、世界经济以及日本面临的问题。
606 0  @a经济结构@j图解
606 0  @a经济结构
690    @aF014.6-64@v5
701  0 @c(日)@a栗原升@ALi Yuan Sheng@4著
702  0 @a聂苓苓@ANie Ling Ling@4译
801  0 @aCN@bTANGWEI@c20140715
905    @b0838192-94@dF014.6-64@e450@f3
    
    一看就懂!图解经济结构/(日)栗原昇著/聂苓苓译.-北京:科学出版社,2012.06
    176页;21cm
    一看就懂图解系列
    
    ISBN 978-7-03-034454-0:CNY36.00
    本书以图解的形式进行深入浅出地讲解,直观生动,一目了然。内容包括:经济的基本结构、产业与经济的关系、政治和经济的关系是什么、金融和经济的关系、世界经济以及日本面临的问题。
●
相关链接 在E读中查询图书 在五车中查询图书 在当当中查询图书 在豆瓣中查询图书


正题名:一看就懂!图解经济结构     索取号:F014.6-64/450         预约/预借

序号 登录号 条形码 馆藏地/架位号 状态 备注
1 0838192   208381927   第一样本阅览室/ [索取号:F014.6-64/450] 在馆    
2 0838193   208381936   密集书库-海洋学院/ [索取号:F014.6-64/450] 在馆    
3 0838194   208381945   第一借阅区/ [索取号:F014.6-64/450] 在馆    
唐山师范学院图书馆 欢迎您!
大连网信软件有限公司© 版权所有